000 00914nam a2200229Ii 4500
003 JO-AjNU
008 230605s9999||||xx |||||||||||||| ||und||
017 _a2009/5/1913
020 _a978-9957-24-501-6
040 _aJO-AjNU
_bara
_erda
_cJO-AjNU
041 _aara
050 1 4 _aHG1616.M3.T34 2010
100 3 _aتأليف: طالب، علاء فرحان /م.مشارك: فؤادي حمودي العطار، حسام حسين شياع,
_eauthor
_930140
245 0 0 _aالمزيج التسويقي المصرفي واثره في الصورة المدركة للزبائن
250 _aط1
264 3 1 _aعمان: دار صفاء للنشر والتوزيع، 2010
300 _a264ص
_bيحتوي على ببلوغرافية من 247-264ص
336 _atext
_btxt
_2rdacontent
337 _aunmediated
_bn
_2rdamedia
338 _avolume
_bnc
_2rdacarrier
650 4 _aالبنوك -التسويق
_930141
999 _aA11913
_c15481
_d15481